Algebra and geometry / (Record no. 8400)

MARC details
000 -LEADER
fixed length control field 00979cac a2200301 i 4500
003 - CONTROL NUMBER IDENTIFIER
control field EG-ScBUE
005 - DATE AND TIME OF LATEST TRANSACTION
control field 20240924125217.0
008 - FIXED-LENGTH DATA ELEMENTS--GENERAL INFORMATION
fixed length control field 131217s2008 enka f 000 0 eng d
020 ## - INTERNATIONAL STANDARD BOOK NUMBER
International Standard Book Number 9781847761620
040 ## - CATALOGING SOURCE
Original cataloging agency EG-ScBUE
Language of cataloging eng
Description conventions rda
Transcribing agency EG-ScBUE
Modifying agency EG-ScBUE
082 04 - DEWEY DECIMAL CLASSIFICATION NUMBER
Classification number 512.12
Item number ALG
Edition number 22
245 00 - TITLE STATEMENT
Title Algebra and geometry /
Statement of responsibility, etc Compiled by Youssef F. Rashed, Mohammad Tawfik , Khaled Salem.
264 #1 - PUBLICATION, DISTRIBUTION, ETC. (IMPRINT)
Place of publication, distribution, etc Harlow :
Name of publisher, distributor, etc Pearson Education Limited,
Date of publication, distribution, etc 2008.
300 ## - PHYSICAL DESCRIPTION
Extent 450 pages :
Other physical details illustrations ;
Dimensions 28 cm
336 ## - CONTENT TYPE
Source rdacontent
Content type term text
Content type code txt
337 ## - MEDIA TYPE
Media type term unmediated
Source rdamedia
Media type code n
338 ## - CARRIER TYPE
Carrier type term volume
Carrier type code nc
Source rdacarrier
590 ## - LOCAL NOTE (RLIN)
Local note Doha Ragab
650 #7 - SUBJECT ADDED ENTRY--TOPICAL TERM
Topical term or geographic name as entry element Algebra.
9 (RLIN) 4334
Source of heading or term BUEsh
650 #7 - SUBJECT ADDED ENTRY--TOPICAL TERM
Topical term or geographic name as entry element Geometry.
9 (RLIN) 1878
Source of heading or term BUEsh
651 ## - SUBJECT ADDED ENTRY--GEOGRAPHIC NAME
Source of heading or term BUEsh
653 ## - INDEX TERM--UNCONTROLLED
Arrived date list December2013
655 ## - INDEX TERM--GENRE/FORM
Form subdivision Reading book
9 (RLIN) 34232
700 1# - ADDED ENTRY--PERSONAL NAME
Personal name Rashed, Youssef F.,
Relator term collector.
9 (RLIN) 34670
700 1# - ADDED ENTRY--PERSONAL NAME
Personal name Tawfik, Mohammad,
Relator term collector.
9 (RLIN) 34671
700 1# - ADDED ENTRY--PERSONAL NAME
Personal name Salem, Khaled,
Relator term collector.
9 (RLIN) 2177
942 ## - ADDED ENTRY ELEMENTS (KOHA)
Koha item type Book - Borrowing
Source of classification or shelving scheme Dewey Decimal Classification
Holdings
Withdrawn status Lost status Source of classification or shelving scheme Damaged status Not for loan Collection code Home library Current library Shelving location Date acquired Source of acquisition Total Checkouts Total Renewals Full call number Barcode Date last seen Date checked out Koha item type Cost, normal purchase price Cost, replacement price Price effective from
    Dewey Decimal Classification     Alahram Central Library Central Library First floor 06/03/2008 Purchase 6 3 512.12 ALG 000009880 15/07/2025 01/11/2017 Book - Borrowing      
    Dewey Decimal Classification     Alahram Central Library Central Library First floor 06/03/2008 Purchase 3   512.12 ALG 000009844 15/07/2025 11/11/2015 Book - Borrowing 160.00 200.00  
    Dewey Decimal Classification     Alahram Central Library Central Library First floor 06/03/2008 Purchase 1 6 512.12 ALG 000009846 15/07/2025 07/05/2016 Book - Borrowing      
    Dewey Decimal Classification     Alahram Central Library Central Library First floor 06/03/2008 Purchase 2 3 512.12 ALG 000009845 15/07/2025 18/01/2016 Book - Borrowing      
    Dewey Decimal Classification     Alahram Central Library Central Library First floor 06/03/2008 Purchase     512.12 ALG 000009847 15/07/2025   NB - Book (Non borrowing)      
    Dewey Decimal Classification     Donation-Gift Central Library Central Library First floor 17/12/2013 Donation 2 1 512.12 ALG 000035226 15/07/2025 18/01/2016 Book - Borrowing      
    Dewey Decimal Classification     Donation-Gift Central Library Central Library First floor 20/01/2014 Donation 3 1 512.12 ALG 000035348 15/07/2025 11/11/2015 Book - Borrowing      
    Dewey Decimal Classification     Donation-Gift Central Library Central Library First floor 20/01/2014 Donation 2   512.12 ALG 000035351 15/07/2025 02/04/2016 Book - Borrowing     20/01/2014